Countries That Start With A: No Vowels. - Statistics

General Stats
  • This quiz has been taken 140 times
  • The average score is 10 of 11
Answer Stats
Hint Answer % Correct
FGHNSTN Afghanistan
98%
RGNTN Argentina
98%
LBN Albania
97%
LGR Algeria
97%
NDRR Andorra
96%
NGL Angola
96%
RMN Armenia
96%
STRL Australia
95%
STR Austria
94%
ZRBJN Azerbaijan
93%
NTG ND BRBD Antigua and Barbuda
89%
No matching quizzes found
Score Distribution
Percent of People with Each Score
Percentile by Number Answered
Your Score History
You have not taken this quiz